Propagácia podniku prostredníctvom webovej stránky bakalárska práca

Na minha lista:
Detalhes bibliográficos
Autor principal: Kubík, Kristián
Autor Corporativo: Fakulta podnikového manažmentu EU. Katedra informačného manažmentu
Outros Autores: Filanová, Jana, 1967-
Formato: Livro
Idioma:eslovaco
Publicado em: Bratislava 2025
Tags: Adicionar Tag
Sem tags, seja o primeiro a adicionar uma tag!

MARC

LEADER 00000nbm a2200000 4500
001 0309749
005 20260113142618.4
041 0 |a slo 
044 |a SK 
245 1 0 |a Propagácia podniku prostredníctvom webovej stránky  |b bakalárska práca  |c Kristián Kubík ; školiteľ: Jana Filanová 
264 1 |a Bratislava  |c 2025 
300 |a 47 s. 
100 1 |a Kubík, Kristián 
700 1 |a Filanová, Jana, 1967- 
710 2 |a Fakulta podnikového manažmentu EU. Katedra informačného manažmentu